| 000 | 00402nam a2200145Ia 4500 | ||
|---|---|---|---|
| 008 | 230917s9999||||xx |||||||||||||| ||und|| | ||
| 040 |
_e70493 _aMAIN |
||
| 041 | _aEnglish | ||
| 082 | _a338.13 N213S | ||
| 100 | _aNational Council of Applied Economic Research | ||
| 245 | 0 | _aStructure and behaviour of prices of food grains | |
| 260 |
_aNew Delhi _bNCAER _c1969 |
||
| 300 | _axiv, 299 p. | ||
| 942 | _cBK | ||
| 999 |
_c98941 _d98941 |
||